Hübner, P./Hübner, C.: Sozialismus als soziale Frage. Sozialpolitik in der DDR und Polen 1968-1976

Titel: Hübner, P./Hübner, C.: Sozialismus als soziale Frage. Sozialpolitik in der DDR und Polen 1968-1976 / Marcel Boldorf
Verfasser:
In: Vierteljahrschrift für Sozial- und Wirtschaftsgeschichte, Band 96, Heft 2 (2009), Seite 260
alle Artikel anzeigen
Veröffentlicht: 2009
Format: Aufsatz
Sprache: Deutsch
Schlagworte:
Kein Bild verfügbar
X
alg: 42670839
001A    $06052:26-02-18 
001B    $01999:27-07-21 $t17:20:07.000 
001C    $03025:26-02-18 $t14:47:10.000 
001D    $06052:26-02-18 
001U    $0utf8 
001X    $00 
002@    $0Aox 
003@    $0426708393 
006N    $000574678 
007A    $0426708393 $aHEB 
007D    $asw090618 
007I    $0swets143085446 
010@    $ager 
011@    $a2009 
013D    $#Newspapers Sections, columns, etc. Reviews $#Book reviewing $#Journaux Cahiers, chroniques, etc. Comptes rendus $#Livres Recension $#Rezension $#Buchbesprechung $#Buchrezension $#Buchkritik $74049712-4 $8Rezension [Ts1] $9085138568 
021A    $aHübner, P./Hübner, C.: Sozialismus als soziale Frage. Sozialpolitik in der DDR und Polen 1968-1976 $hMarcel Boldorf 
028A    $BVerfasser $4aut $7118006991 $8Boldorf, Marcel$Z1965- [Tp3] $9151512248 
031A    $d96 $e2 $g1 $h260 $j2009 
039B    $aIn $8--Abvc--. Vierteljahrschrift für Sozial- und Wirtschaftsgeschichte. - Stuttgart : Steiner, 1903-. - ISSN 0042-5699 $x200900000960002740 $9047251867 
045F    $a900.9438 $eDDC23BSB 
045F/01 $a900 
045F/03 $g438 
045F/03 $g437 

lok: 42670839 78

exp: 42670839 78 1 #EPN
201B/01 $026-02-18 $t22:54:00.000 
201C/01 $026-02-18 
201U/01 $0utf8 
203@/01 $01018584994 
208@/01 $a26-02-18 $be 
209A/01 $a/ $f000 $x00 
209A/01 $ab*p $x01 
220C/01 $apgar 
244Z/01 $#Generalgouvernement Polen $#Polska $#Rzeczpospolita Polska $#Polska Rzeczpospolita Ludowa $#Poland $#Pologne $#République Polonaise $#Generalne Gubernatorstwo w Polsce $#Polish People's Republic $#Polska Rzeczpospolita Polen $#PRL $#RP $#Polen Generalgouvernement $#Polska Generalgouvernement $#Besetzte Polnische Gebiete $#Besetztes Gebiet in Polen $#Okupowane Polskie Obszary $#Obszary Okupowane w Polsce $#Volksrepublik Polen $#Polska Rosyjska $#Republic Polen $#Respublika Pol'ša $#Pol'skaja Narodnaja Respublika $#République de Pologne $#Polen Links der Weichsel $#Polska po Lewej Stronie Wisły $#Lenkija $#Polija $#Gubernija Carstva Pol'skago $#Republik Polen $74046496-9 $8--Tg1--Polen $x01 $9085129801 
244Z/01 $#Tschechoslowakei $#Tschechoslowakei $#Tschechische und Slowakische Föderative Republik $#République Tchéco-Slovaque $#Tchécoslovaquie $#Československá Federativní Republika $#Česká a Slovenská Federativní Republika $#Czech and Slovak Federal Republic $#ČSFR $#ČSSR $#ČSR $#RČS $#Československo $#Československá Socialistická Republika $#Československá Republika $#Tschechoslowakische Sozialistische Republik $#Tschechoslowakische Republik $#Tschechoslowakische Föderative Republik $#Republika Československá $#Czechoslovakia $#Čechoslovakische Republik $#République Tchécho-Slovaque $#Tchéchoslovaquie $#Czechoslovak Socialist Republic $#Checoeslovaquia $#Cecoslovacchia $#Čechoslovakija $#République tchécoslovaque $74078435-6 $8--Tg1--Tschechoslowakei $x02 $9085222305 
247C/01 $82080>Marburg/Lahn, Herder-Institut, Forschungsbibliothek, Bibliographieportal $9336309341
LEADER 00000caa a22000002c 4500
001 426708393
003 DE-603
005 20210727172007.0
007 tu
008 180226s2009 xx |||| | u00||u|ger c
035 |a (DE-599)HEB426708393 
035 |a (NL-LiSWE)00574678 
040 |a DE-603  |b ger  |c DE-603  |d DE-603 
041 |a ger 
082 0 4 |8 1\u  |a 900.9438  |q DE-101  |2 23/BSB 
085 |8 1\u  |b 900 
085 |8 1\u  |z 2  |s 438 
085 |8 1\u  |z 2  |s 437 
100 1 |a Boldorf, Marcel  |d 1965-  |e Verfasser  |4 aut  |0 (DE-603)151512248  |0 (DE-588)118006991  |2 gnd 
245 0 0 |a Hübner, P./Hübner, C.: Sozialismus als soziale Frage. Sozialpolitik in der DDR und Polen 1968-1976  |c Marcel Boldorf 
264 0 |c 2009 
655 7 |a Rezension  |2 gnd-content  |0 (DE-588)4049712-4  |0 (DE-603)085138568 
773 0 8 |i In  |t Vierteljahrschrift für Sozial- und Wirtschaftsgeschichte  |d Stuttgart : Steiner, 1903-  |x 0042-5699  |g Band 96, Heft 2 (2009), Seite 260  |w (DE-603)047251867  |w (DE-600)200400-8 
924 0 |9 2080  |a (DE-603)1018584994  |b DE-2080  |c HES  |d d  |g /